Personnage des aventures de Tintin : le capitaine Haddock (Vol.4) - Statistiques

Statistiques générales
  • Ce quiz a été pris 70 fois
  • Le résultat moyen est 14 sur 22
Statistiques - réponses
Questions Réponses % Correct
Ville d'Italie dans laquelle le capitaine Haddock n'a jamais osé se rendre de craindre d'y croiser la Castafiore. Milan
100%
Communauté que le capitaine Haddock invita à s'installer sur la pâture le long du ruisseau proche de son château, au grand dam de son valet. Les Tziganes
95%
Jeu auquel jouaient Haddock et Carreidas dans l'avion de ce dernier ... qui trichait naturellement. Le combat naval
93%
Saison que le capitaine Haddock décrit en ces termes : "La nature ... dans toute la fraîcheur du renouveau !..." Le printemps
90%
Prénom du capitaine Haddock. Archibald
88%
Montant en dollars du billet qu'Haddock a glissé sous le galurin de Carreidas en le prenant pour un mendiant. Cinq dollars
86%
Personnage qui découvrit le remède qui dégoûta Haddock de son penchant pour l'alcool. Le professeur Tryphon Tournesol
83%
Cétacé à l'intérieur duquel il fait très noir selon une expression du capitaine Haddock, comme il le dit dans plusieurs albums (entre autre "Le Temple du Soleil" et "Vol 714 pour Sydney"). Le cachalot
81%
Lésion musculo-squelettique que s'est faite le capitaine Haddock en tombant des escaliers du château, sur la marche brisée. Une entorse
76%
Faisceau ou bande de tissu fibreux blanchâtre, très résistant, unissant les éléments (cartilages, os) d'une articulation. Haddock a également subi une déchirure de ce faisceau de tissu à la suite de sa chute. Les ligaments
71%
Continent d'où provient la grippe qui a contaminé Tintin selon les fausses déclarations d'Haddock à Alvarez pour expliquer l'absence de Tintin méfiant. Déjà à l'époque ... L'Asie
69%
Distributeur automatique public à monnayeur de chansons tubes enregistrées traditionnellement sur des disques. Lorsque la Castafiore commanda un piano au château pour son accompagnateur, le capitaine se disait : "Pourquoi pas un ___-__ ?!" Un juke-box
67%
Serpent qui sauva la vie du capitaine Haddock en étouffant un caïman. Un anaconda
64%
Grade que le colonel Alvarez attribue à Haddock de façon obséquieuse (réponse acceptée en français ou en espagnol). Commodore
57%
Journaliste de presse à scandale qui diffama Haddock en annonçant son mariage avec la Castafiore dans un article orthographiquement bâclé. Jean-Loup de la Batellerie
52%
Marque de boisson fictive créée par Laszlo Carreidas, pastiche d'une célèbre boisson américaine gazeuse, sucrée et très nocive pour l'organisme. Le nom est un jeu de mots avec une fête pour enfants célébrée au mois de décembre, en Belgique et dans les régions du nord de la France, par exemple. Carreidas en offre un verre aux invités de son avion dont Haddock et Tintin. Haddock verse alors discrètement son verre dans le terreau d'une plante qui s'est instantanément fanée. La Sani-Cola
50%
Complétez cette réplique du capitaine Haddock : "Non, non, non, les aventures, c'est fini !... Et bien fini !... Ceci est un voyage d'______... Pas d'ennui ... Pas d'histoire ... Pas d'émotions fortes ..." Agrément
48%
Histoire qui paraît par fragments dans un journal. Haddock y fait souvent référence (dans "Coke en stock" ou dans "Tintin et l'Alph-art", pour exemple) pour décrire une histoire qui est trop invraisemblable que pour être crédible à ses yeux ... et qui le plus souvent, s'avère être vraie. Le roman-feuilleton
40%
Poisson électrique qui envoya une décharge à Haddock. Un gymnote
33%
Acteurs qui ont incarné le capitaine Haddock au cinéma, respectivement dans "Tintin et le mystère de la Toison d'or" et dans "Tintin et les oranges bleues". Georges Wilson
29%
Espèce de poissons de la famille des gadidés. Lorsqu'il est fumé, il porte le nom de haddock. Plat qu'appréciaient particulièrement Hergé et son épouse Germaine Kieckens. Tous deux ont affirmé à des journalistes que ce plat avait inspiré le nom du capitaine. L'aiglefin
24%
Acteurs qui ont incarné le capitaine Haddock au cinéma, respectivement dans "Tintin et le Mystère de la Toison d'or" et dans "Tintin et les Oranges bleues". Jean Bouise
19%
Aucun quiz correspondant
Distribution des résultats
% des personnes avec chaque résultat
Percentile par nombre de réponses
Votre historique - résultats
Vous n’avez pas pris ce quiz